000 00426cam a2200181ua 4500
001 2499
008 111222n ii |||gr||||Z||||||asm
040 _cMAIN
082 _a780
100 _aHazarika, Parikshit,
_eAuthor.
245 1 _aCaryyapada
_cby Parikshit Hazarika
250 _a2nd.
260 _aGuahati:
_bDalimee Prakash,987.
300 _a316p:
_c23cm.
653 _aFolklore
653 _aCaryyapada
942 _cBK
999 _c2353
_d2353